000 00801nam a2200253Ia 4500
003 OSt
005 20220923211336.0
006 a|||||r|||| 00| 0
007 ta
008 Pun
020 _a9788182992726 (hbk)
_c250
024 _a280,728
037 _b809, 09/03/2014, H.K. Prakashan
_cTextual
040 _aARTS
_cARTS
_bPun
041 _2Pun
_aPun
082 _aO153,3N401x, Q3
100 _aਰਾਜਿੰਦਰ ਕੌਰ
245 0 _aਜਦੋ੍ਵ ਖੰਭ ਲੱਗ ਜਾਣ
260 _aਦਿੱਲੀ
_b ਆਰਸੀ ਪਬਲਿFਰਗ਼
_c2013
300 _a167ਪੰ
_ccm.
650 _aਪੰਜਾਬੀ ਸਾਹਿਤ
942 _hO153,3N401x, Q3
_cTEXL
_2CC
999 _c298621
_d298621